Southville International School and Colleges
Your cart is empty.
  • Cart
  • Lists
    Public lists Eva Luna New books Lux_list list_1
    Your lists Log in to create your own lists
  • Log in to your account
  • Your cookies
  • Search history
Southville International School and Colleges
  • Advanced search
  • Recent comments
  • Most popular
  • Libraries

Log in to your account

Log in with GOOGLE


If you do not have an external account, but do have a local account, you can still log in:

  1. Home
  2. MARC view: Cabin fever /
Normal view MARC view ISBD view

Cabin fever / (Record no. 360122)

[ view plain ]
MARC details
000 -LEADER
fixed length control field 00669nam a2200289Ia 4500
008 - FIXED-LENGTH DATA ELEMENTS--GENERAL INFORMATION
fixed length control field 181129s9999 xx 000 0 und d
020 ## - INTERNATIONAL STANDARD BOOK NUMBER
International Standard Book Number 9781419703683
050 ## - LIBRARY OF CONGRESS CALL NUMBER
Item number K558 2011
100 ## - MAIN ENTRY--PERSONAL NAME
Personal name Kinney, Jeff
245 #0 - TITLE STATEMENT
Title Cabin fever /
245 #0 - TITLE STATEMENT
Statement of responsibility, etc by Jeff Kinney.
260 ## - PUBLICATION, DISTRIBUTION, ETC. (IMPRINT)
Place of publication, distribution, etc New York, NY :
260 ## - PUBLICATION, DISTRIBUTION, ETC. (IMPRINT)
Name of publisher, distributor, etc Amulet Books,
260 ## - PUBLICATION, DISTRIBUTION, ETC. (IMPRINT)
Date of publication, distribution, etc 2011
300 ## - PHYSICAL DESCRIPTION
Extent 217 pages :
300 ## - PHYSICAL DESCRIPTION
Other physical details illustrations ;
300 ## - PHYSICAL DESCRIPTION
Dimensions 20cm.
440 ## - SERIES STATEMENT/ADDED ENTRY--TITLE
Title Diary od a wimpy kid ;
440 ## - SERIES STATEMENT/ADDED ENTRY--TITLE
Volume number/sequential designation 6
650 ## - SUBJECT ADDED ENTRY--TOPICAL TERM
Topical term or geographic name as entry element Blizzards.
650 ## - SUBJECT ADDED ENTRY--TOPICAL TERM
Topical term or geographic name as entry element Diaries.
650 ## - SUBJECT ADDED ENTRY--TOPICAL TERM
Topical term or geographic name as entry element Families.
650 ## - SUBJECT ADDED ENTRY--TOPICAL TERM
Topical term or geographic name as entry element Humorous stories.
650 ## - SUBJECT ADDED ENTRY--TOPICAL TERM
Topical term or geographic name as entry element Middle school.
700 ## - ADDED ENTRY--PERSONAL NAME
Personal name Series.
700 ## - ADDED ENTRY--PERSONAL NAME
Personal name Title.
Holdings
Withdrawn status Lost status Damaged status Home library Current library Shelving location Date acquired Total Checkouts Full call number Barcode Date last seen Price effective from Koha item type
      Stonyhurst Southville International School (Malarayat) Stonyhurst Southville International School (Malarayat)   11/29/2018   GS FIC K558 2011 SSISM5916 11/29/2018 11/29/2018 Books

Cabin fever /

APA

Kinney J., Series & Title.Cabin fever. New York, NY: .

Chicago

Kinney Jeff, Series and Title.Cabin fever. New York, NY: .

Harvard

Kinney J., Series and Title.Cabin fever. New York, NY: .

MLA

Kinney Jeff, Series and Title.New York, NY: . .

  • Place hold
  • Print
  • Cite
  • Add to your cart (remove)
  • Save record
    BIBTEX Dublin Core MARCXML MARC (non-Unicode/MARC-8) MARC (Unicode/UTF-8) MARC (Unicode/UTF-8, Standard) MODS (XML) RIS
  • More searches
    Search for this title in:
    Other Libraries (WorldCat) Other Databases (Google Scholar) Online Stores (Bookfinder.com) Open Library (openlibrary.org)

Exporting to Dublin Core...

SOUTHVILLE LIBRARY

Southville International School and Colleges Library

1281 Tropical Ave. Cor. Luxembourg St., BF Homes International, Las Pinas City

Tel. No. 8256374 / 252358 Loc. 117/146

Powered by Koha